L' expansion europeenne 1600-1870

I tiakina i:
Ngā taipitopito rārangi puna kōrero
Kaituhi matua: Mauro, Frédéric (autor)
Hōputu: Pukapuka
Reo:Pāniora
I whakaputaina: París Presses Universitaires de France 1964
Rangatū:Nouvelle Clio, 27
Ngā marau:
Ngā Tūtohu: Tāpirihia he Tūtohu
Kāore He Tūtohu, Me noho koe te mea tuatahi ki te tūtohu i tēnei pūkete!

MARC

LEADER 00000nam a2200000 a 4500
001 UCR5911
003 CL-VaPUC
008 980403e19640000FR |||||||||||||||||spa|d
082 0 4 |a 940.2  |b MAU  |2 21 
100 |a Mauro, Frédéric  |e autor  |9 534662 
245 1 3 |a L' expansion europeenne 1600-1870 
300 |a 417 p 
942 |c BK 
945 |d 19980403 00:00:00  |a rbrito 
260 |a París  |b Presses Universitaires de France  |c 1964 
650 0 |a Historia moderna  |9 268036 
650 0 |a Comercio  |9 255341 
650 0 |a Navegación   |9 255384 
650 0 |a Agricultura  |9 255598 
650 0 |a Industrias   |9 263688 
651 0 |a Europa  |9 255156 
583 |a last modification  |c 19980403 00:00:00  |k Rodrigo Vera 
490 0 |a Nouvelle Clio, 27 
999 |c 268253  |d 268251 
952 |0 0  |1 0  |4 0  |6 940_200000000000000_MAU_1964  |7 0  |8 A  |9 301241  |a BIBHIS  |b BIBHIS  |d 2019-11-20  |i 3379167  |o 940.2 MAU 1964  |p 3379167  |r 2025-01-20  |w 2019-11-20  |y BK  |k HIS